000 01039nam0a22002531 4500
001 rc\700553
005 20260407091909.0
035 _a(NLR Aleph) 005936435
090 _a6632721
_c6632721
100 _a20031121d1985 |||y0rusy50 ca
101 0 _arus
102 _aRU
105 _aa |||||||||
200 1 _aСовместная работа грунтовых оснований и засыпок с конструкциями гидротехнических сооружений
_eСб. науч. тр.
_fМоск. гидромелиор. ин-т
_g[Редкол.: Р.И. Берген и др.]
210 _aМ.
_cМГМИ
_d1985 (1986)
215 _a185 с.
_cил.
_d20
320 _aБиблиогр. в конце ст.
702 1 _aБерген
_bР.И.
_gРудольф Иванович
_4340
712 0 2 _aМосковский гидромелиоративный институт
_9308041
_3RU\NLR\AUTH\8817420
801 0 _aRU
_bNLR
_gpsbo
801 1 _aRU
_bELAR
_2rusmarc
852 _aNLR
_j86-3/12406
942 _cBOOK
980 _aNB